|
|
|
|
| LEADER |
00000nbm0a2200000 4500 |
| 001 |
157581 |
| 005 |
20231218145102.0 |
| 029 |
0 |
0 |
|a SU
|b 80052679
|f ТПУ
|
| 035 |
|
|
|a (RuTPU)RU\TPU\book\170927
|
| 090 |
|
|
|a 157581
|
| 100 |
|
|
|a 20090409d1984 k y0rusy50 ca
|
| 101 |
0 |
|
|a rus
|
| 102 |
|
|
|a RU
|
| 105 |
|
|
|a a p 001zy
|
| 200 |
1 |
|
|a Исследование характеристик парового тракта Томской ГРЭС-2 с целью поддержания номинальных параметров пара перед турбинами
|e заключительный отчет о НИР
|e тема: х/д 6-21/80
|f Томский политехнический институт (ТПИ) ; руководитель В. И. Рязанов ; И. П. Озерова
|
| 210 |
|
|
|a Томск
|d 1984
|
| 215 |
|
|
|a 265 л.
|
| 320 |
|
|
|a Библиогр.: с. 256-257.
|
| 606 |
|
|
|a Сети гидравлические
|x Теплотехника
|2 stltpush
|3 (RuTPU)RU\TPU\subj\54701
|9 72806
|
| 610 |
1 |
|
|a отчеты о НИР
|
| 610 |
1 |
|
|a паровой тракт
|
| 610 |
1 |
|
|a потокораспределение
|
| 610 |
1 |
|
|a итерационный метод
|
| 610 |
1 |
|
|a электрическое моделирование
|
| 610 |
1 |
|
|a номинальные параметры
|
| 610 |
1 |
|
|a модернизация
|
| 675 |
|
|
|a 621.186.2(04)
|v 3
|
| 702 |
|
1 |
|a Рязанов
|b В. И.
|4 673
|
| 702 |
|
1 |
|a Озерова
|b И. П.
|c специалист в области теплоэнергетики
|c доцент Томского политехнического университета
|f 1952-
|g Ирина Петровна
|3 (RuTPU)RU\TPU\pers\26842
|4 677
|9 12461
|
| 712 |
0 |
2 |
|a Томский политехнический институт (ТПИ)
|c (1944-1991)
|3 (RuTPU)RU\TPU\col\1123
|4 595
|
| 801 |
|
1 |
|a RU
|b 63413507
|c 20090409
|g PSBO
|
| 801 |
|
2 |
|a RU
|b 63413507
|c 20180420
|g RCR
|
| 942 |
|
|
|c BK
|